| 000 | 00357nam a2200145Ia 4500 | ||
|---|---|---|---|
| 008 | 240624s9999 xx 000 0 und d | ||
| 041 | _aeng | ||
| 082 | _a302 KEN | ||
| 100 | _aKENRICK DOUGLAS T | ||
| 245 | _aSOCIAL PSYCHOLOGY GOALS IN INTERACTION | ||
| 250 | _a(5th ed.) | ||
| 260 |
_c2009 _aBoston _bAllyn & Bacon |
||
| 300 | _a620 : p. | ||
| 365 |
_c _b27 |
||
| 999 |
_c18302 _d18302 |
||